ბათუმის შოთა რუსთაველის სახელმწიფო უნივერსიტეტის ბიბლიოთეკა

სატრანსპორტო ლოგისტიკა (ბიბ.ჩანაწერი № 43765)

000 -LEADER
fixed length control field 00922nam a2200253Ia 4500
001 - CONTROL NUMBER
control field 10510
003 - CONTROL NUMBER IDENTIFIER
control field GE_BSU
008 - FIXED-LENGTH DATA ELEMENTS--GENERAL INFORMATION
fixed length control field 181216s||||||||xx |||||||||||||| ||und||
020 ## - INTERNATIONAL STANDARD BOOK NUMBER
International Standard Book Number 9789941129230
040 ## - CATALOGING SOURCE
Transcribing agency GE_BSU
080 ## - UNIVERSAL DECIMAL CLASSIFICATION NUMBER
Universal Decimal Classification number 339.188.4:656.073
100 ## - MAIN ENTRY--PERSONAL NAME
Personal name ხარიტონაშვილი,ვ.
245 ## - TITLE STATEMENT
Title სატრანსპორტო ლოგისტიკა
245 ## - TITLE STATEMENT
Remainder of title სახელმძღვ.ტრანსპორტის სპეც.სტუდ.
260 ## - PUBLICATION, DISTRIBUTION, ETC.
Place of publication, distribution, etc. თბილისი
260 ## - PUBLICATION, DISTRIBUTION, ETC.
Name of publisher, distributor, etc. უნივერსალი
260 ## - PUBLICATION, DISTRIBUTION, ETC.
Date of publication, distribution, etc. 2010
300 ## - PHYSICAL DESCRIPTION
Extent 132გვ;20სმ.
300 ## - PHYSICAL DESCRIPTION
Other physical details ბიბლიოგრ:გვ.131
520 ## - SUMMARY, ETC.
Summary, etc. ნახ.ცხრ.
653 ## - INDEX TERM--UNCONTROLLED
Uncontrolled term სატრანსპორტო ლოგისტიკა.სახელმძღვ.ტრანსპორტის სპეც.სტუდ.
942 ## - ADDED ENTRY ELEMENTS (KOHA)
Koha item type წიგნი
ეგზემპლარები
Withdrawn status Lost status Damaged status Not for loan Date acquired Barcode Date last seen Price effective from Koha item type Public note
        2018-12-17 34634 2018-12-17 2018-12-17 წიგნი 01/01
        2018-12-17 34635 2018-12-17 2018-12-17 წიგნი 02
        2018-12-17 34677 2018-12-17 2018-12-17 წიგნი 02
        2018-12-17 34678 2018-12-17 2018-12-17 წიგნი 02